LEADER 02501nam 2200469 450 001 9910164957303321 005 20230808201012.0 010 $a0-7624-9090-X 035 $a(CKB)3710000000984148 035 $a(MiAaPQ)EBC5365970 035 $a(Au-PeEL)EBL5365970 035 $a(OCoLC)968266735 035 $a(EXLCZ)993710000000984148 100 $a20220802d2016 uy h 101 0 $aeng 135 $aurcnu|||||||| 181 $ctxt$2rdacontent 182 $cc$2rdamedia 183 $acr$2rdacarrier 200 14$aThe art of living other people's lives $estories, confessions, and memorable mistakes /$fGreg Dybec 210 1$aPhiladelphia, Pennsylvania :$cRunning Press,$d[2016] 210 4$dİ2016 215 $a1 online resource (159 pages) 311 $a0-7624-5993-X 311 $a0-7624-6107-1 327 $aIntro -- Title Page -- Copyright -- Dedication -- Contents -- Introduction -- People of the Internet, You Are Not Alone -- Translation -- Seeking an Underwear Expert -- #Mom -- The Uber Diaries -- Breakup, Breakdown -- The New American Dream -- James Franco Syndrome -- What a Day -- My Summer as a Pick-Up Artist -- Bridging the Gap -- For the Kids -- Millennial Mousetrap -- Confessions of a God-Fearing Atheist -- Homeless Joe -- Savior of None -- The Spaces We Share -- Life on the Other Side of the Internet -- The Art of Living Other People's Lives -- Acknowledgments -- About the Author. 330 $aWhen he isn't responsible for pleasing 73 million online readers a month, Elite Daily managing editor Greg Dybec worries about rent, sex, love, family, andthe most millennial topic of them alla desire to leave a legacy. In The Art of Living Other People s Lives, Greg delivers a funny, brash, and insightful collection of twenty never-before-published stories on becoming a pick-up artist to get over an ex-girlfriend, late-night adventures with his Uber driver, having a Twitter-induced panic attack, picking up a gig writing about men s underwear, and more. 606 $aHumorous stories, American 606 $aSatire, American 606 $aMen$xConduct of life$vHumor 615 0$aHumorous stories, American. 615 0$aSatire, American. 615 0$aMen$xConduct of life 676 $a818/.602 700 $aDybec$b Greg$01207980 801 0$bMiAaPQ 801 1$bMiAaPQ 801 2$bMiAaPQ 906 $aBOOK 912 $a9910164957303321 996 $aThe Art of Living Other People's Lives$92786920 997 $aUNINA